Science & the search for meaning (Record no. 115800)
[ view plain ]
| 000 -LEADER | |
|---|---|
| fixed length control field | 01727nam a2200385 a 4500 |
| 082 04 - DEWEY DECIMAL CLASSIFICATION NUMBER | |
| Classification number | 501 |
| 245 10 - TITLE STATEMENT | |
| Title | Science & the search for meaning |
| 260 ## - PUBLICATION, DISTRIBUTION, ETC. (IMPRINT) | |
| Place of publication | Philadelphia : |
| Name of publisher | Templeton Foundation Press, |
| Year of publication | c2006. |
| 300 ## - PHYSICAL DESCRIPTION | |
| Number of Pages | xvii, 249 p. |
| 505 0# - FORMATTED CONTENTS NOTE | |
| Formatted contents note | pt. 1. Science with philosophy -- pt. 2. Science, spirituality, and society -- pt. 3. The convergence of the approaches -- pt. 4. Agreements and conflicts between the two -- pt. 5. Personal and scientific search -- pt. 6. Synthesis. |
| 650 #0 - SUBJECT ADDED ENTRY--TOPICAL TERM | |
| Topical Term | Science |
| Topical Term | Science |
| 700 1# - ADDED ENTRY--PERSONAL NAME | |
| Personal name | Staune, Jean. |
| Personal name | Clayton, Philip. |
| 856 40 - ELECTRONIC LOCATION AND ACCESS | |
| Uniform Resource Identifier | http://site.ebrary.com/lib/rucke/Doc?id=10476175 |
No items available.
